Endemická struma na Slovensku

Bibliographic Details
Main Author: Podoba, Julián, 1916-2005 (Author)
Format: Book
Language:Slovak
PhysicalDescription:187 strán diagramy, fotografie, grafy, ilustrácie, mapy, schémy, tabuľky 24 cm
Published: Bratislava Slovenská akadémia vied 1962
Edition:1. vyd.
Subjects:

MARC

LEADER 00000cam a2200000 a 4500
001 vtls008341280
003 SK-MaSNL
005 20260425230611.0
008 230403s1962 xo odabf n 010 0 slo
015 |a SNBA1962/06-01019 
020 |q (brožované) 
035 |a SK01SNK19620033497 
035 |a urn:nbn:sk:snk-am3iqte 
035 |a A2AB8BC7-4940-4ED7-AA48-3BF4204EB2FF 
035 |a urn:nbn:sk:snk-am00fee0 
035 |a SKM000035960 
040 |a SNK  |b slo  |c SNK  |e AACR2 
041 0 |a slo  |b rus  |b eng 
043 |a e-xo--- 
044 |a xo  |c SK 
072 7 |a 616  |x Patológia. Klinická medicína  |2 konspekt 
080 |a 616-441-008.6(437.6)(047.3)  |2 1981 
080 |a (437.6)  |2 2011 
080 |a (048.8)  |2 2011 
080 |a (047.31)  |2 2011 
100 1 |a Podoba, Julián,  |d 1916-2005  |4 aut  |9 37505 
245 1 0 |a Endemická struma na Slovensku  |c Julián Podoba 
250 |a 1. vyd. 
260 |a Bratislava  |b Slovenská akadémia vied  |c 1962 
300 |a 187 strán  |b diagramy, fotografie, grafy, ilustrácie, mapy, schémy, tabuľky  |c 24 cm 
366 |e 800 kusov 
500 |a Obsahuje poznámky a opravy 
504 |a Bibliografia na strane 179-187 
546 |a Text slovensky, resumé rusky a anglicky 
650 0 7 |a endemická struma  |2 SNKPH  |9 199185 
651 7 |a Slovensko  |2 SNKPHgeo  |9 14231 
655 7 |a výskumné správy  |2 SNKPH  |9 70491 
655 7 |a štúdie  |2 SNKPH  |9 57033 
700 1 |a Dérer, Ladislav,  |d 1897-1960  |4 hnr  |9 38384 
700 1 |a Bárdoš, Gejza,  |d 1908-1961  |4 hnr  |9 38374 
710 2 |a Československá akadémia vied.  |b Endokrinologický ústav  |4 pbl  |9 428387 
852 |a Slovenská národná knižnica 
954 |a odborná, vedecká literatúra pôvodná (slovenská)  |2 lita 
958 |a RK 
958 |a TL 
958 |a NB 
958 |a MI 
958 |a OND 
958 |a EUIPO 
999 |c 680451  |d 682381 
952 |a SNK  |b SNK  |y PREZ  |7 0  |p 17A0842322  |o snkSC 16439  |i snkKSP 1984/62  |0 0  |1 0  |4 0  |d 2020-08-18  |f 1  |l 0  |r 2025-07-18 00:00:00  |w 2026-02-23